| 000 | 02454nam0a22003491 4500 | ||
|---|---|---|---|
| 001 | v19\rc\1718854 | ||
| 005 | 20260407063022.0 | ||
| 035 | _a(NLR Aleph) 004817007 | ||
| 090 |
_a4982388 _c4982388 |
||
| 100 | _a20061002d1900 |||y0rusy50 ca | ||
| 101 | 0 | _arus | |
| 102 | _aRU | ||
| 105 | _ay z ||||| | ||
| 200 | 1 | _aДревний запрестольный крест в гор. Переславле-Залесском | |
| 210 |
_a[Владимир _d1900] |
||
| 215 | _a52 с. | ||
| 300 | _aВ конце первой статьи авт.: прот. Александр Свирелин | ||
| 300 | _aНапеч. также в: Тр. Владим. уч. арх. ком. 1900, кн. 2 | ||
| 309 | _aБез тит. л. и обл. | ||
| 311 | _aПрибавл. к №11 "Владим. губ. вед.", неоф. ч., 17 марта 1900 г. | ||
| 422 | 0 |
_12001#$aВладимирские губернские ведомости$eНеоф. ч.$v1900, 17 марта, № 11 _tВладимирские губернские ведомости |
|
| 423 | 0 |
_11010#$arus _12001#$aИз истории Суздальского Спасо-Евфимиева монастыря$eПо делам Канцелярии владимир. губернатора за 1820 и 1821 г. за №№ 553 и 56$fД. чл. Ник. Маклаков _1700#1$aМаклаков$bН.А.$f1871-1918$gНиколай Алексеевич _tИз истории Суздальского Спасо-Евфимиева монастыря _aМаклаков, Николай Алексеевич (1871-1918) |
|
| 423 | 0 |
_11010#$arus _12001#$aК исторической топографии города Владимира на Клязьме$fД. пожизнен. чл. А. Бунин _1700#1$aБунин$bА.И.$gАлексей Иванович _tК исторической топографии города Владимира на Клязьме _aБунин, Алексей Иванович |
|
| 532 | 1 | 2 | _aДревний запрестольный крест в городе Переславле-Залесском |
| 700 | 1 |
_aСвирелин _bА.И. _f1830-1906 _gАлександр Иванович |
|
| 712 | 0 | 2 |
_aСуздальский Спасо-Евфимьев монастырь _3RU\NLR\AUTH\8810030277 _9559084 |
| 801 | 0 |
_aRU _bNLR _gpsbo |
|
| 801 | 0 |
_aRU _bRuMoRGB _2psbo |
|
| 801 | 1 |
_aRU _bProSoft-M _2rusmarc |
|
| 852 |
_aNLR _j20.58.3.152 |
||
| 942 | _cBOOK | ||
| 980 | _aNB | ||